000 00683cam a2200229 a 4500
001 15951330
005 20180221085555.0
008 091019s2011 maua 001 0 eng
010 _a 2009043318
020 _a9780073527017 (alk. paper)
020 _a0073527017 (alk. paper)
040 _aDLC
_cDLC
041 _aeng
080 _a657 JOH
082 0 0 _a657 JOH
_222
100 1 _a58
101 _aFIN
245 1 0 _aFinancial accounting :
_cJohn J. Wild.
906 _a7
_bcbc
_corignew
_d1
_eecip
_f20
_gy-gencatlg
942 _2ddc
_cBK
999 _c43076
_d43076